000 00616nam a2200205 a 4500
001 26600
003 CO-ViMGA
008 141112s2004 ck r 000 u spa d
020 _a9789681680268
040 _aCO-ViMGA
_bspa
_cCO-ViMGA
090 _aC CAR15
100 1 _aCarrasco Inglés, Aitana
_96085
245 1 0 _aRamona la mona /
_cAitana Carrasco Inglés
260 _aMéxico :
_bFondo de Cultura Económica
300 _a[36] p. : il. ; 27 cm.
490 _aLos especiales de A la orilla del viento
650 1 4 _aAMIGOS - - CUENTOS INFANTILES
_96086
650 1 4 _aCUENTOS MEXICANOS
_96087
942 _2ddc
_cBK
999 _c11093
_d11093